LIBRARY & INFORMATION CENTRE, KCAET, TAVANUR

ONLINE PUBLIC ACCESS CATALOGUE (OPAC)

Fundamentals of renewable energy / (Record no. 17428)

MARC details
000 -LEADER
fixed length control field 00405nam a22001577a 4500
003 - CONTROL NUMBER IDENTIFIER
control field OSt
008 - FIXED-LENGTH DATA ELEMENTS--GENERAL INFORMATION
fixed length control field 210915b ||||| |||| 00| 0 eng d
020 ## - INTERNATIONAL STANDARD BOOK NUMBER
ISBN 9789389907414
082 ## - DEWEY DECIMAL CLASSIFICATION NUMBER
Classification number 621.47
Item number RAT/FU
100 ## - MAIN ENTRY--AUTHOR NAME
Personal name Rathore,N. S
245 ## - TITLE STATEMENT
Title Fundamentals of renewable energy /
260 ## - PUBLICATION, DISTRIBUTION, ETC. (IMPRINT)
Place of publication New Delhi
Name of publisher New India Publiushing Agency
Year of publication 2021
300 ## - PHYSICAL DESCRIPTION
Number of Pages 410 pages
700 ## - ADDED ENTRY--PERSONAL NAME
Personal name Panwar,N.L
942 ## - ADDED ENTRY ELEMENTS (KOHA)
Koha item type Books
Holdings
Withdrawn status Lost status Damaged status Home library Current library Shelving location Date acquired Cost, normal purchase price Full call number Accession Number Koha item type
      KAUAET KAUAET Shelf- 7A 07/09/2021 3600.00 621.47 RAT/FU 26027 Books
      KAUAET KAUAET Shelf- 7A 07/09/2021 3600.00 621.47 RAT/FU 26028 Books
free website counter